Les pics de Suisse en image - Statistiques

Statistiques générales
  • Ce quiz a été pris 3 fois
  • Le résultat moyen est 6 sur 9
Statistiques - réponses
Par images Réponse % Correct
Pic épeiche
100%
Pic noir
100%
Pic vert
100%
Pic épeichette
67%
Pic mar
67%
Pic tridactyle
67%
Pic à dos blanc
33%
Pic cendré
33%
Torcol fourmilier
33%
Aucun quiz correspondant
Distribution des résultats
% des personnes avec chaque résultat
Percentile par nombre de réponses
Votre historique - résultats
Vous n’avez pas pris ce quiz